Регионална библиотека "Любен Каравелов" - Русе

Историята на твоя живот и други разкази (Запис номер 485575)

MARC детайли
000 -Лидер
Контролно поле с фиксирана дължина 01686aam a2200289 a 4500
003 - Код на организацията, давaща контролен номер
Контролно поле BLK
005 - Дата и час на последна редакция
Контролно поле 20240629134734.0
008 - Елементи от данни с фиксирана дължина
fixed length control field 221209b bul||||| |||| 00| 0 bul d
020 ## - Международен стандартен номер на книга ISBN
Международен стандартен номер на книга ISBN 9786190210696
040 ## - Източник на каталожния запис
Идентификатор на билиотеката - собственик на записа BLK
041 ## - Код за език
Код за езика на текст/звукозапис или на отделно заглавие Български
Код за езика КДБФ Български
080 ## - УДК
Текстов определител УДК Американска литература (на САЩ)
УДК код - определител по УДК 821.111(73)
УДК определител -321.9
УДК - код + определител 821.111(73)-321.9
100 ## - Редна дума - Автор
Автор Чианг, Тед
Авторска отговорност първи автор
R(LIN) 484820
139 ## - Редно поле
Редна дума Чианг, Тед
Авторски знак Чи - Ч 79
245 ## - Сведения за заглавието
Заглавие Историята на твоя живот и други разкази
Редно поле (дума) Тед Чанг; прев. Владимир Полеганов.
257 ## - Страна на издаване
Страна на създаване/издаване България
260 ## - Област на издателските данни
Място на издаване, разпространение и проч. София
Име на издателя, разпространителя и проч. Колибри
Година на издаване 2022
9 (RLIN) 209486
Печатница Костинброд : Мултипринт
Издателство - префикс ISBN 978-619-02- ; 978-619-150- ; 978-954-150- ; 978-954-529-
300 ## - Физическа характеристика
Страници 352 с.
Илюстрации и др. с ил.
Размери/Мащаб 21 см
380 ## - Жанр
Жанр Худож. лит.
500 ## - Общи забележки
Забележка Съдържа : Вавилонската кула; Разбери; Делене на нула; Седемдесет и две букви; Еволюция на човешката наука; Адът е отсъствието на Бог; Да ти харесва това, което виждаш. - Ориг. загл.: Stories of your life and others / Ted Chiang. - Възприетата форма на името на авт. Тед Чанг е Тед Чианг. - Биогр. данни за авт. отбелязани на гърба на кор.
700 ## - Други автори (авторска отговорност)
9 (RLIN) 966
Лично име Полеганов, Владимир Христов
Автороска отговорност (Описва отношението между автора и произведението) прев.
852 ## - Местоположение
Форматна сигнатура Цб 315192
856 ## - Електронен адрес и достъп
Инструкция (цена за достъп) 0.00
Права за достъп disable
999 ## - СИСТЕМНИ КОНТРОЛНИ НОМЕРА
Koha biblionumber 485575
Koha biblioitemnumber 485575
942 ## - АРТИКУЛИ
Вид на библиотечния материал Книги
Източник на класификационната схема Universal Decimal Classification
Скрит в OPAC Не
Koha issues (borrowed), all copies 17
Периодичен библиозапис Да
999 ## - СИСТЕМНИ КОНТРОЛНИ НОМЕРА
Koha biblioitemnumber 485575
944 ## - СЪЗДАВАНЕ И РЕДАКЦИЯ на ЗАПИСА
Служител, извършил регистрацията/редакцията 30575
Статус, дата на статуса Мартин Енчев
Наличности
Код за отписване Код за изгубен артикул Източник на класификационната схема Код за повреда Коз за рестрикции Код за отдаване Артикулен № Име на библиотеката - собственик Име на библиотеката, в която се намира в момента Статус (Текущо местоположение) Дата на вписване в системата Местоположение - отдел Цена в лева Систематично азбучна сигнатура Баркод Цена в евро Служебен тип на артикула
  Не е изгубен Universal Decimal Classification Не е повреден без рестрикции заемане за дома 917633 Регионална библиотека "Любен Каравелов" Русе Регионална библиотека "Любен Каравелов" Русе Заемна - подръчен фонд 2022-12-09 Заемна - подръчен фонд 14.30 821-31/Ч 79 Т 120000879217 7.31 Книги
  Не е изгубен Universal Decimal Classification Не е повреден само за читалня ползва се в читалня 919748 Регионална библиотека "Любен Каравелов" Русе Регионална библиотека "Любен Каравелов" Русе Хранилище 2022-12-15 Хранилище 22.00 Цб 315192 120000879747 11.25 Книги
Vip Innovations Ltd, Rousse, Bulgaria 2025